000 01180nam a2200265Ia 4500
999 _c53035
_d53035
001 20071
003 GE_BSU
005 20250422162031.0
008 181216s2000||||ge |||||||||||||| ||geo||
020 _a99928-31-21-9
040 _cGE_BSU
041 _ageo
080 _a574.5(075.8) ო-47
100 _aონიანი, ჯაბა
_92718
245 _aზოგადი ჰიდრობიოლოგია :
_bსახელმძღვ. უმაღლ. სასწ. სტუდენტებისათვის /
_cჯაბა ონიანი ; რედ. : მ. ყურაშვილი, ნ. ალექსიძე.
264 _aთბილისი :
_bთბილ. უნ-ტის გამ-ბა,
_c2000.
300 _a401 გვ. :
_bილ. ;
_c 21 სმ.
504 _aბიბლიოგრ. : გვ. 391
541 _h15 ლ.
653 _aბიოლოგია
653 _aზოგადი ჰიდრობიოლოგია
700 _aალექსიძე, ნ.
_eრედაქტორი
_91094
700 _aყურაშვილი, მ.
_eრედაქტორი
_922253
942 _cBK
_2udc